Pulzačná estetika nizozemskými očami

Bibliographic Details
Main Authors: Uffelen, Herbert van (Author), Zajac, Peter, 1946- (Author)
Format: Article
Language:Slovak
ISSN:1335-0544
Subjects:

MARC

LEADER 00000nab a2200000 a 4500
001 vtls000642493
003 SK-MaSNL
005 20260304180928.0
008 250425c1997 xo 0 slo
015 |a SNBRB19rr/mm-uuuuu 
035 |a CL0642632 
035 |a urn:nbn:sk:snk-ab2rek 
035 |a (urnnbn)urn:nbn:sk:snk:ar-a02u9b 
035 |a (uuid)333d2556-2dcc-48ff-b8da-aca115bbdd1c 
040 |a SNKBUCL  |b slo  |c SNKBUCL  |e AACR2 
041 0 |a slo 
044 |a xo  |c SK 
080 |a 82.0  |2 1981 
100 1 |a Uffelen, Herbert van  |4 aut  |9 1510863 
245 1 0 |a Pulzačná estetika nizozemskými očami  |c Herbert van Uffelen 
650 0 7 |a slovenská literatúra  |2 snkbucl  |9 1115 
650 0 7 |a kultúra slovenská  |2 snkbucl  |9 899470 
655 7 |a články z novín a časopisov  |2 snkbucl  |9 267496 
700 1 |a Zajac, Peter,  |d 1946-  |4 aut  |9 103277 
773 0 |t Slovak review  |g Roč. 6, č. 2 (1997), s. 187-190  |x 1335-0544 
787 0 8 |i Rec.:  |a Zajac, Peter  |t Auf den Taubenfüsschen der Literatur  |d Blieskastel : Gollenstein Verlag, 1996 
850 |a Slovenská národná knižnica 
852 |a Slovenská národná knižnica 
954 |a odborná, vedecká literatúra pôvodná (slovenská)  |2 lita 
958 |a article27 
958 |a LX 
958 |a SK 
958 |a DE 
958 |a NL 
958 |a RK 
958 |a OND 
958 |a EUIPO 
992 |a RBX 
999 |c 3020719  |d 3022649